000 00592nam a22002177a 4500
003 URS
005 20251022142525.0
008 250929b ||||| |||| 00| 0 eng d
020 _a978-621-409-279-6
040 _cURS
050 _aQA241
_b.V648 2024
100 _aVidad, Dinah C.
245 _aWorktext in Elementary Number Theory
264 _aMandaluyong City
_bBOOKS ATBP. PUBLISHING CORP.
_c©2024
300 _a114 pages.,:
_c25 cm.
336 _2rdacontent
_atext
337 _2rdamedia
_aunmediated
338 _2rdacarrier
_avolume
650 0 _aNumber theory
942 _2lcc
_cF
999 _c88180
_d88177